Bermuda : the handstruck stamps and cancellations (Record no. 1405)

000 -LEADER
fixed length control field 00331nam a22001337a 4500
003 - CONTROL NUMBER IDENTIFIER
control field OSt
008 - FIXED-LENGTH DATA ELEMENTS--GENERAL INFORMATION
fixed length control field 150504b xxu||||| |||| 00| 0 eng d
041 ## - LANGUAGE CODE
Language code of text/sound track or separate title eng
100 1# - MAIN ENTRY--PERSONAL NAME
Personal name Ludington, M. H.
245 10 - TITLE STATEMENT
Title Bermuda : the handstruck stamps and cancellations
260 ## - PUBLICATION, DISTRIBUTION, ETC. (IMPRINT)
Place of publication, distribution, etc. London
Name of publisher, distributor, etc. Robson Lowe Ltd
300 ## - PHYSICAL DESCRIPTION
Extent 0 pages
650 #0 - SUBJECT ADDED ENTRY--TOPICAL TERM
Topical term or geographic name as entry element Vert File
Holdings
Withdrawn status Lost status Source of classification or shelving scheme Damaged status Not for loan Collection code Permanent Location Current Location Date acquired Total Checkouts Full call number Barcode Date last seen Copy number Price effective from Koha item type
          Richard Drews Northern Philatelic Library Northern Philatelic Library 05/04/2015   G9121 .P857 L944 1001683 06/28/2015 1 06/28/2015 Books

Powered by Koha